000 00412nam a2200157Ia 4500
003 GCL
008 140319s9999 xx 000 0 eng d
040 _aGCL /
_cGCL
082 0 4 _a720
_bA O
100 1 _aACADEMY EDITIONS
245 1 0 _aORGANIC ARCHITECTURE /
_cACADEMY EDITIONS
260 _a[S.N] :
_bACADEMY EDITIONS ،
_c1993
650 0 4 _aARCHITECTURE
650 0 4 _aARCHITECTURE MAGAZINE
942 _2ddc
_cBK
999 _c11528
_d11528